Matemáticas : teoría y ejercicios : curso 1º de bachillerato

Gespeichert in:
Bibliographische Detailangaben
1. Verfasser: Valdés Suárez, José
Weitere Verfasser: Marsinyach Dalmases, Sebastián
Format: Buch
Sprache:Spanisch
Erschienen: Madrid : Bruño, 1975
Katalog:MANES:  Suchergebnis im Bibliothekskatalog
Schulbuchspezifische Eigenschaften:
Tags: Tag hinzufügen
Keine Tags, Fügen Sie den ersten Tag hinzu!
Hinzugefügt zu:31.03.2000
Geändert in:07.05.2025

MARC

LEADER 00000cam a2200000 i 4500
005 20250507134358.0
008 000401s1975 esp fp 000 0 spa d
020 |a 8421607987 
040 |a uned  |b spa  |c entro-manes 
100 1 |a Valdés Suárez, José 
245 1 0 |a Matemáticas :   |b teoría y ejercicios : curso 1º de bachillerato /   |c José Valdés Suárez, Sebastián Marsinyach Dalmases 
260 |a Madrid :   |b Bruño,   |c 1975 
300 |a 263 p. 
546 |a España 
561 |5 es-BUNED  |3 L.T.M. 2298  |a España. Fondo Manes UNED  |k MANES 
690 0 |a MATE 
691 0 |a SE 
700 1 |a Marsinyach Dalmases, Sebastián  |9 145 
942 |2 ddc  |c BK 
999 |c 93077  |d 93077 
999 |c manes:93077  |d 93077